|
|
|
|
| LEADER |
00924nam a22002411a 4500 |
| 001 |
000721441 |
| 003 |
CZ BrMZK |
| 005 |
20160531131323.0 |
| 007 |
ta |
| 008 |
040614s1860 xr e ger |
| 015 |
|
|
|a cnb002801065
|
| 040 |
|
|
|a BOA001
|b cze
|c BOA001
|
| 100 |
1 |
|
|a Müller, Julius
|4 aut
|
| 245 |
1 |
0 |
|a Insekten-Epizoën der mährischen Fauna /
|c beschrieben von Julius Müller
|
| 260 |
|
|
|a Brünn :
|b [s.n.],
|c 1860
|f (R.M. Rohrer)
|
| 300 |
|
|
|a s. 158-184, 4 tb.
|
| 500 |
|
|
|a Separát z: Jahresheft pro 1859 der naturwiss. Sec. der k.k. mähr. schles. Ges. zur Beförderung des Ackerbaues, der Natur- und Landeskunde
|
| 500 |
|
|
|a Dostupné též v digitalni podobě v aplikaci Kramerius
|
| 856 |
4 |
1 |
|u http://www.digitalniknihovna.cz/mzk/uuid/uuid:9e8ae469-7e3e-11e1-a68c-0050569d679d
|y Digitalizovaný dokument
|
| 910 |
|
|
|a BOA001
|b 2-0005.813
|k r
|
| 964 |
|
|
|a Moravika - stol. 19.
|
| 990 |
|
|
|a BK
|
| 991 |
|
|
|p NDK 2012/52
|